Case studies of pilot projects (series I) for the utilization of Rural manpower (Record no. 417804)

000 -LEADER
fixed length control field 00377cam a22001097a 4500
008 - FIXED-LENGTH DATA ELEMENTS--GENERAL INFORMATION
fixed length control field 180718b1962 xxu||||| |||| 00| 0 eng d
082 ## - DEWEY DECIMAL CLASSIFICATION NUMBER
Classification number R112x54 In2
100 ## - MAIN ENTRY--PERSONAL NAME
Personal name Planning Commission
245 ## - TITLE STATEMENT
Title Case studies of pilot projects (series I) for the utilization of Rural manpower
Statement of responsibility, etc. by Planning Commission
260 ## - PUBLICATION, DISTRIBUTION, ETC.
Place of publication, distribution, etc. Delhi
Name of publisher, distributor, etc. Programme Evaluation Organisation
Date of publication, distribution, etc. 1962
300 ## - PHYSICAL DESCRIPTION
Extent 221p
Holdings
Withdrawn status Lost status Damaged status Not for loan Permanent Location Current Location Date acquired Full call number Barcode Date last seen Price effective from Koha item type
        Indian Institute of Public Administration Indian Institute of Public Administration 2009-03-30 R112x54 In2 DA92 2018-07-21 2018-07-21 DA

Powered by Koha